00697nam a22002297a 45000010005000000030006000050050017000110080041000280200018000690400029000870500017001161000019001332450043001522600042001953000060002374900026002975050008003235200058003315210029003895210020004187000029004388055FISKH20250820082417.0250820b cb ||||| |||| 00| 0 eng d a9781416928195 aFISKHbengcFISKHdFISKH a PZ7.H8696 B aHuelin, Jodi  aBig brother piglet / cBy Jodi Huelin aNew York :bSimon Spotlight , c2007. a24 unnumbered pages : bcolor illustrations ;c23 cm .  aRead-To-ReadvLevel 1 aC  aPiggley learns that being a big brother is a big job.8 a160 bLexile estimate 8 aC bRaz-Plus  aEntara LtdeIllustrator